000 00745cam a2200253 4500500
005 20260405001846.0
041 _afre
042 _adc
100 1 0 _aLegros, Martin
_eauthor
245 0 0 _aPeter Thiel, Pierre Manent. Et si la vérité était scandaleuse ?
260 _c2014.
500 _a10
690 _aCroyance
690 _aImmortalité
690 _aLibéralisme
690 _aLibertarisme
690 _aPeter Thiel
690 _aPierre Manent
690 _aRaison
690 _aTranshumanisme
690 _aVérité
786 0 _nPhilosophie magazine | 83 | 10 | 2014-10-01 | p. 35-38 | 1951-1787
856 4 1 _uhttps://shs.cairn.info/magazine-philosophie-magazine-2014-10-page-35?lang=fr&redirect-ssocas=7080
999 _c2051770
_d2051770